| 000 | 00579nam a2200145Ia 4500 | ||
|---|---|---|---|
| 008 | 151213s9999 xx 000 0 und d | ||
| 100 | _aমাও : আশরাফ আলী থানবী (র) | ||
| 245 |
_aপূণাঙ্গ নামায শিক্ষা _cমাও : আশরাফ আলী থানবী (র) |
||
| 260 |
_aঢাকা _bমীনা বুক হাউস। _c2007 |
||
| 300 | _a10964 p. | ||
| 650 | _aBangla | ||
| 650 | _aইসলামী বই | ||
| 700 | _aমাও : আশরাফ আলী থানবী (র) | ||
| 999 |
_c4936 _d4936 |
||